| 000 | 01114cam a22003015a 4500 | ||
|---|---|---|---|
| 001 | 16681031 | ||
| 005 | 20201128021518.0 | ||
| 008 | 110307t2011 nyu fr 001 0 eng d | ||
| 020 | _a9780071753937 (alk. paper) | ||
| 020 | _a0071753931 | ||
| 040 |
_aDLC _cDLC _dDLC _dEG-ScBUE _beng |
||
| 082 | 0 | 4 |
_a658.11 _222 _bBEA |
| 100 | 1 |
_aBeach, Jim _q(James) _938849 |
|
| 245 | 1 | 0 |
_aSchool for startups : _bthe breakthrough course for guaranteeing small business success in 90 days or less / _cby Jim Beach, Chris Hanks, and David Beasley. |
| 246 | 3 |
_aSchool for startups : _bthe breakthrough course for guaranteeing small business success in ninety days or less / |
|
| 260 |
_aNew York : _bMcGraw-Hill, _cc.2011. |
||
| 300 |
_axv, 191 p. ; _c23 cm. |
||
| 500 | _aIndex : p. 187-191. | ||
| 590 | _aNis. | ||
| 650 | 7 |
_aNew business enterprises _xManagement. _2BUEsh _933316 |
|
| 650 | 7 |
_aSmall business _xManagement. _2BUEsh _9238 |
|
| 650 | 7 |
_aEntrepreneurship. _2BUEsh _9240 |
|
| 651 | _2BUEsh | ||
| 653 |
_bBUSADM _cAugust2015 _cDecember2015 |
||
| 700 | 1 | _aHanks, Chris. | |
| 700 | 1 | _aBeasley, David. | |
| 942 | _2ddc | ||
| 999 |
_c20604 _d20576 |
||